<?xml version="1.0" encoding="UTF-8"?>
<record
    xmlns:xsi="http://www.w3.org/2001/XMLSchema-instance"
    xsi:schemaLocation="http://www.loc.gov/MARC21/slim http://www.loc.gov/standards/marcxml/schema/MARC21slim.xsd"
    xmlns="http://www.loc.gov/MARC21/slim">

  <leader>04377cam a2200757 i 4500</leader>
  <controlfield tag="001">on1348179066</controlfield>
  <controlfield tag="005">20241121073146.0</controlfield>
  <controlfield tag="006">m        d        </controlfield>
  <controlfield tag="007">cr cnu---unuuu</controlfield>
  <controlfield tag="008">221014s2023    iluab   ob    001 0 eng  </controlfield>
  <datafield tag="010" ind1=" " ind2=" ">
    <subfield code="a">  2022049649</subfield>
  </datafield>
  <datafield tag="040" ind1=" " ind2=" ">
    <subfield code="a">DLC</subfield>
    <subfield code="b">eng</subfield>
    <subfield code="e">rda</subfield>
    <subfield code="c">DLC</subfield>
    <subfield code="d">OCLCF</subfield>
    <subfield code="d">YDX</subfield>
    <subfield code="d">P@U</subfield>
    <subfield code="d">YDX</subfield>
    <subfield code="d">JSTOR</subfield>
    <subfield code="d">OCLCQ</subfield>
    <subfield code="d">OCLCO</subfield>
    <subfield code="d">UKAHL</subfield>
    <subfield code="d">N$T</subfield>
  </datafield>
  <datafield tag="020" ind1=" " ind2=" ">
    <subfield code="a">0252054520</subfield>
    <subfield code="q">electronic book</subfield>
  </datafield>
  <datafield tag="020" ind1=" " ind2=" ">
    <subfield code="a">9780252054525</subfield>
    <subfield code="q">(electronic bk.)</subfield>
  </datafield>
  <datafield tag="020" ind1=" " ind2=" ">
    <subfield code="z">9780252045158</subfield>
    <subfield code="q">hardcover</subfield>
  </datafield>
  <datafield tag="020" ind1=" " ind2=" ">
    <subfield code="z">9780252087295</subfield>
    <subfield code="q">paperback</subfield>
  </datafield>
  <datafield tag="029" ind1="1" ind2=" ">
    <subfield code="a">AU@</subfield>
    <subfield code="b">000072858169</subfield>
  </datafield>
  <datafield tag="035" ind1=" " ind2=" ">
    <subfield code="a">3600701</subfield>
    <subfield code="b">(N$T)</subfield>
  </datafield>
  <datafield tag="037" ind1=" " ind2=" ">
    <subfield code="a">22573/cats5070500</subfield>
    <subfield code="b">JSTOR</subfield>
  </datafield>
  <datafield tag="042" ind1=" " ind2=" ">
    <subfield code="a">pcc</subfield>
  </datafield>
  <datafield tag="043" ind1=" " ind2=" ">
    <subfield code="a">n-us-tx</subfield>
  </datafield>
  <datafield tag="050" ind1="0" ind2="4">
    <subfield code="a">ML3531</subfield>
    <subfield code="b">.W548 2023</subfield>
  </datafield>
  <datafield tag="072" ind1=" " ind2="7">
    <subfield code="a">MUS</subfield>
    <subfield code="x">000000</subfield>
    <subfield code="2">bisacsh</subfield>
  </datafield>
  <datafield tag="072" ind1=" " ind2="7">
    <subfield code="a">MUS</subfield>
    <subfield code="x">031000</subfield>
    <subfield code="2">bisacsh</subfield>
  </datafield>
  <datafield tag="072" ind1=" " ind2="7">
    <subfield code="a">SOC</subfield>
    <subfield code="x">001000</subfield>
    <subfield code="2">bisacsh</subfield>
  </datafield>
  <datafield tag="072" ind1=" " ind2="7">
    <subfield code="a">MUS</subfield>
    <subfield code="x">020000</subfield>
    <subfield code="2">bisacsh</subfield>
  </datafield>
  <datafield tag="082" ind1="0" ind2="0">
    <subfield code="a">782.42164909764/1411</subfield>
    <subfield code="2">23/eng/20221014</subfield>
  </datafield>
  <datafield tag="100" ind1="1" ind2=" ">
    <subfield code="a">Wilkins, Langston Collin,</subfield>
    <subfield code="e">author.</subfield>
    <subfield code="9">24076</subfield>
  </datafield>
  <datafield tag="245" ind1="1" ind2="0">
    <subfield code="a">Welcome 2 Houston :</subfield>
    <subfield code="b">hip hop heritage in Hustle Town /</subfield>
    <subfield code="c">Langston Collin Wilkins.</subfield>
  </datafield>
  <datafield tag="246" ind1="3" ind2=" ">
    <subfield code="a">Welcome to Houston</subfield>
  </datafield>
  <datafield tag="246" ind1="3" ind2="0">
    <subfield code="a">Hip hop heritage in Hustle Town</subfield>
  </datafield>
  <datafield tag="264" ind1=" " ind2="1">
    <subfield code="a">Urbana :</subfield>
    <subfield code="b">University of Illinois Press,</subfield>
    <subfield code="c">[2023]</subfield>
  </datafield>
  <datafield tag="300" ind1=" " ind2=" ">
    <subfield code="a">1 online resource (viii, 180 pages) :</subfield>
    <subfield code="b">illustrations, map.</subfield>
  </datafield>
  <datafield tag="336" ind1=" " ind2=" ">
    <subfield code="a">text</subfield>
    <subfield code="b">txt</subfield>
    <subfield code="2">rdacontent</subfield>
  </datafield>
  <datafield tag="337" ind1=" " ind2=" ">
    <subfield code="a">computer</subfield>
    <subfield code="b">c</subfield>
    <subfield code="2">rdamedia</subfield>
  </datafield>
  <datafield tag="338" ind1=" " ind2=" ">
    <subfield code="a">online resource</subfield>
    <subfield code="b">cr</subfield>
    <subfield code="2">rdacarrier</subfield>
  </datafield>
  <datafield tag="490" ind1="1" ind2=" ">
    <subfield code="a">African American music in global perspective</subfield>
  </datafield>
  <datafield tag="504" ind1=" " ind2=" ">
    <subfield code="a">Includes bibliographical references and index.</subfield>
  </datafield>
  <datafield tag="505" ind1="0" ind2=" ">
    <subfield code="a">If You Go Down to Houston -- Everybody Inherits the Hood -- Still Tippin' -- Gotta Come Down, Gotta Rep the Hood -- Turnin' Headz -- One City under God.</subfield>
  </datafield>
  <datafield tag="520" ind1=" " ind2=" ">
    <subfield code="a">"Langston Collin Wilkins returns to the city where he grew up to illuminate the complex relationship between place, identity, and music in Houston's hip hop culture. Interviews with local rap artists, producers, and managers inform an ethnography that explores how the interaction between artists, audiences, music, and place create a heritage that musicians negotiate in a variety of ways. Street-based musicians, avant-garde underground rappers, and Christian hip hop artists offer candid views of the scene while Wilkins delves into related aspects like slab, the area's hip hop-related car culture. What emerges is an incisive portrait of dynamic reciprocal process where an artist, having identified with and embodied a social space, reproduces that space in a performance even as the performance reconstructs the social space. A vivid journey through a southern hip hop bastion, Welcome 2 Houston offers an insider's look at a unique musical culture"--</subfield>
    <subfield code="c">Provided by publisher.</subfield>
  </datafield>
  <datafield tag="588" ind1=" " ind2=" ">
    <subfield code="a">Description based on online resource; title from digital title page (viewed on July 28, 2023).</subfield>
  </datafield>
  <datafield tag="650" ind1=" " ind2="0">
    <subfield code="a">Rap (Music)</subfield>
    <subfield code="z">Texas</subfield>
    <subfield code="z">Houston</subfield>
    <subfield code="x">History and criticism.</subfield>
    <subfield code="9">24077</subfield>
  </datafield>
  <datafield tag="650" ind1=" " ind2="0">
    <subfield code="a">Hip-hop</subfield>
    <subfield code="z">Texas</subfield>
    <subfield code="z">Houston</subfield>
    <subfield code="x">History.</subfield>
    <subfield code="9">24078</subfield>
  </datafield>
  <datafield tag="650" ind1=" " ind2="0">
    <subfield code="a">African Americans</subfield>
    <subfield code="z">Texas</subfield>
    <subfield code="z">Houston</subfield>
    <subfield code="x">Social life and customs.</subfield>
    <subfield code="9">24079</subfield>
  </datafield>
  <datafield tag="650" ind1=" " ind2="0">
    <subfield code="a">Automobiles</subfield>
    <subfield code="x">Customizing</subfield>
    <subfield code="z">Texas</subfield>
    <subfield code="z">Houston.</subfield>
    <subfield code="9">24080</subfield>
  </datafield>
  <datafield tag="650" ind1=" " ind2="0">
    <subfield code="a">Chopped and screwed (Music)</subfield>
    <subfield code="x">History and criticism.</subfield>
    <subfield code="9">24081</subfield>
  </datafield>
  <datafield tag="650" ind1=" " ind2="6">
    <subfield code="a">Hip-hop</subfield>
    <subfield code="z">Texas</subfield>
    <subfield code="z">Houston</subfield>
    <subfield code="x">Histoire.</subfield>
    <subfield code="9">24082</subfield>
  </datafield>
  <datafield tag="650" ind1=" " ind2="6">
    <subfield code="a">Noirs am&#xFFFD;ericains</subfield>
    <subfield code="z">Texas</subfield>
    <subfield code="z">Houston</subfield>
    <subfield code="x">M&#xFFFD;urs et coutumes.</subfield>
    <subfield code="9">24083</subfield>
  </datafield>
  <datafield tag="650" ind1=" " ind2="6">
    <subfield code="a">Automobiles</subfield>
    <subfield code="x">Adaptation aux besoins</subfield>
    <subfield code="z">Texas</subfield>
    <subfield code="z">Houston.</subfield>
    <subfield code="9">24084</subfield>
  </datafield>
  <datafield tag="650" ind1=" " ind2="7">
    <subfield code="a">MUSIC / General</subfield>
    <subfield code="2">bisacsh</subfield>
    <subfield code="9">24085</subfield>
  </datafield>
  <datafield tag="650" ind1=" " ind2="7">
    <subfield code="a">African Americans</subfield>
    <subfield code="x">Social life and customs</subfield>
    <subfield code="2">fast</subfield>
    <subfield code="9">24086</subfield>
  </datafield>
  <datafield tag="650" ind1=" " ind2="7">
    <subfield code="a">Automobiles</subfield>
    <subfield code="x">Customizing</subfield>
    <subfield code="2">fast</subfield>
    <subfield code="9">24087</subfield>
  </datafield>
  <datafield tag="650" ind1=" " ind2="7">
    <subfield code="a">Chopped and screwed (Music)</subfield>
    <subfield code="2">fast</subfield>
    <subfield code="9">24088</subfield>
  </datafield>
  <datafield tag="650" ind1=" " ind2="7">
    <subfield code="a">Hip-hop</subfield>
    <subfield code="2">fast</subfield>
    <subfield code="9">24089</subfield>
  </datafield>
  <datafield tag="650" ind1=" " ind2="7">
    <subfield code="a">Rap (Music)</subfield>
    <subfield code="2">fast</subfield>
    <subfield code="9">10290</subfield>
  </datafield>
  <datafield tag="651" ind1=" " ind2="7">
    <subfield code="a">Texas</subfield>
    <subfield code="z">Houston</subfield>
    <subfield code="2">fast</subfield>
    <subfield code="9">24090</subfield>
  </datafield>
  <datafield tag="655" ind1=" " ind2="7">
    <subfield code="a">Criticism, interpretation, etc.</subfield>
    <subfield code="2">fast</subfield>
    <subfield code="9">5662</subfield>
  </datafield>
  <datafield tag="655" ind1=" " ind2="7">
    <subfield code="a">History</subfield>
    <subfield code="2">fast</subfield>
    <subfield code="9">3689</subfield>
  </datafield>
  <datafield tag="776" ind1="0" ind2="8">
    <subfield code="i">Print version:</subfield>
    <subfield code="a">Wilkins, Langston Collin.</subfield>
    <subfield code="t">Welcome 2 Houston</subfield>
    <subfield code="d">Urbana : University of Illinois Press, 2023</subfield>
    <subfield code="z">9780252045158</subfield>
    <subfield code="w">(DLC)  2022049648</subfield>
  </datafield>
  <datafield tag="830" ind1=" " ind2="0">
    <subfield code="a">African American music in global perspective.</subfield>
    <subfield code="9">24091</subfield>
  </datafield>
  <datafield tag="856" ind1="4" ind2="0">
    <subfield code="3">EBSCOhost</subfield>
    <subfield code="u">https://search.ebscohost.com/login.aspx?direct=true&amp;scope=site&amp;db=nlebk&amp;db=nlabk&amp;AN=3600701</subfield>
  </datafield>
  <datafield tag="938" ind1=" " ind2=" ">
    <subfield code="a">Askews and Holts Library Services</subfield>
    <subfield code="b">ASKH</subfield>
    <subfield code="n">AH41602661</subfield>
  </datafield>
  <datafield tag="938" ind1=" " ind2=" ">
    <subfield code="a">Project MUSE</subfield>
    <subfield code="b">MUSE</subfield>
    <subfield code="n">musev2_111981</subfield>
  </datafield>
  <datafield tag="938" ind1=" " ind2=" ">
    <subfield code="a">YBP Library Services</subfield>
    <subfield code="b">YANK</subfield>
    <subfield code="n">20383570</subfield>
  </datafield>
  <datafield tag="938" ind1=" " ind2=" ">
    <subfield code="a">EBSCOhost</subfield>
    <subfield code="b">EBSC</subfield>
    <subfield code="n">3600701</subfield>
  </datafield>
  <datafield tag="999" ind1=" " ind2=" ">
    <subfield code="c">8912</subfield>
    <subfield code="d">8912</subfield>
  </datafield>
</record>
